[Event "Gibraltar U12 op"]
[Site "Caleta"]
[Date "2019.08.18"]
[Round "4"]
[White "Mahbubani, Dev"]
[Black "Dhanwani, Aditya"]
[Result "0-1"]
[WhiteElo "1309"]
[BlackElo "1468"]
[PlyCount "78"]
[EventDate "2019.08.16"]
[EventType "swiss"]
[EventRounds "6"]
[EventCountry "GGB"]
[SourceTitle "CBM 195 Extra"]
[Source "ChessBase"]
[SourceDate "2020.05.31"]
[SourceVersion "1"]
[SourceVersionDate "2020.05.31"]
[SourceQuality "1"]

1. e4 e6 2. d4 d5 3. Nc3 Bb4 4. Nge2 dxe4 5. a3 Bxc3+ 6. Nxc3 Nf6 7. Bg5 e3 8. fxe3 h6 9. Bh4 0-0 10. Ne4 Nbd7 11. Nxf6+ Nxf6 12. e4 g5 13. e5 gxh4 14. exf6 Qxf6 15. Bd3 Bd7 16. Qg4+ Qg5 17. Qxg5+ hxg5 18. 0-0-0 Bc6 19. Rhg1 Rad8 20. c3 Ba4 21. Rdf1 c5 22. h3 cxd4 23. cxd4 Rxd4 24. Bb1 Rc8+ 25. Bc2 Bxc2 26. Rf3 Bg6+ 27. Rc3 Rxc3+ 28. bxc3 Rd3 29. Kb2 b5 30. Kb3 a5 31. Re1 f6 32. Rxe6 Bf7 33. Kc2 Rxc3+ 34. Kxc3 Bxe6 35. Kd4 b4 36. a4 b3 37. Kc3 Bd5 38. Kb2 Bxg2 39. Kxb3 Bxh3 0-1

[Event "Gibraltar Challengers op-A"]
[Site "Caleta"]
[Date "2019.01.25"]
[Round "5"]
[White "Tovarek, Antonin1"]
[Black "Dhanwani, Aditya"]
[Result "1-0"]
[WhiteElo "1995"]
[BlackElo "1497"]
[PlyCount "37"]
[EventDate "2019.01.21"]
[EventType "swiss"]
[EventRounds "5"]
[EventCountry "GGB"]
[SourceTitle "CBM 188 Extra"]
[Source "ChessBase"]
[SourceDate "2019.02.28"]
[SourceVersion "1"]
[SourceVersionDate "2019.02.28"]
[SourceQuality "1"]

1. e4 d6 2. d4 Nf6 3. Nc3 e5 4. Nf3 exd4 5. Nxd4 Be7 6. Be2 0-0 7. Bf4 Bd7 8. g4 Bc6 9. f3 Nfd7 10. Qd2 Ne5 11. 0-0-0 Ng6 12. Be3 a6 13. f4 b5 14. g5 Bb7 15. h4 c5 16. Nf5 Nc6 17. h5 Nh8 18. Nd5 g6 19. Nfxe7+ 1-0

[Event "Gibraltar Challengers op-A"]
[Site "Caleta"]
[Date "2019.01.23"]
[Round "3"]
[White "Crespo, Eugenio"]
[Black "Dhanwani, Aditya"]
[Result "1-0"]
[WhiteElo "2169"]
[BlackElo "1497"]
[PlyCount "50"]
[EventDate "2019.01.21"]
[EventType "swiss"]
[EventRounds "5"]
[EventCountry "GGB"]
[SourceTitle "CBM 188 Extra"]
[Source "ChessBase"]
[SourceDate "2019.02.28"]
[SourceVersion "1"]
[SourceVersionDate "2019.02.28"]
[SourceQuality "1"]

1. e4 d6 2. d4 Nf6 3. Nc3 e5 4. Nf3 exd4 5. Nxd4 Be7 6. Be2 0-0 7. g4 Ne8 8. Be3 a6 9. Qd2 Nd7 10. 0-0-0 Ne5 11. f4 Nxg4 12. Bxg4 Bxg4 13. Rdg1 Bd7 14. h4 c5 15. Nf3 b5 16. h5 b4 17. Nd5 Nf6 18. Qg2 Ne8 19. f5 Kh8 20. Rh3 f6 21. Nh4 Rf7 22. Ng6+ Kg8 23. Ngxe7+ Rxe7 24. Nxe7+ Qxe7 25. Rg3 Kh8 1-0

[Event "Lanzarote op"]
[Site "Lanzarote"]
[Date "2018.06.30"]
[Round "9"]
[White "Martin Rodriguez, Miguel"]
[Black "Dhanwani, Aditya"]
[Result "1/2-1/2"]
[WhiteElo "1342"]
[BlackElo "1481"]
[PlyCount "45"]
[EventDate "2018.06.25"]
[EventType "swiss"]
[EventRounds "9"]
[EventCountry "ESP"]
[SourceTitle "CBM 185 Extra"]
[Source "ChessBase"]
[SourceDate "2018.07.29"]
[SourceVersion "1"]
[SourceVersionDate "2018.07.29"]
[SourceQuality "1"]

1. d4 e6 2. Nf3 d5 3. Bf4 c5 4. c3 Qb6 5. Qb3 Nc6 6. Qxb6 axb6 7. e3 cxd4 8. exd4 Be7 9. Bc7 Bd8 10. Bxd8 Kxd8 11. Bb5 Na5 12. Nbd2 f6 13. 0-0 Bd7 14. Bxd7 Kxd7 15. Rfe1 Ne7 16. h3 h5 17. h4 Ng6 18. Re3 Rh6 19. Rae1 Re8 20. Rc1 b5 21. Ra1 Nc4 22. Nxc4 bxc4 23. g3 1/2-1/2

[Event "Gibraltar Amateur op-B"]
[Site "Caleta"]
[Date "2018.01.30"]
[Round "4"]
[White "Sagar, Siya"]
[Black "Dhanwani, Aditya"]
[Result "1-0"]
[WhiteElo "1199"]
[BlackElo "1484"]
[PlyCount "131"]
[EventDate "2018.01.27"]
[EventType "swiss"]
[EventRounds "5"]
[EventCountry "GGB"]
[SourceTitle "EXT 2019"]
[Source "ChessBase"]
[SourceDate "2018.10.10"]
[SourceVersion "1"]
[SourceVersionDate "2018.10.10"]
[SourceQuality "1"]

1. e4 e6 2. d4 d5 3. Nd2 Nc6 4. Bb5 Bd7 5. Bxc6 Bxc6 6. e5 Ne7 7. Ngf3 Bb5 8. b3 g6 9. c4 dxc4 10. Nxc4 Qd5 11. Qc2 Bg7 12. 0-0 0-0 13. Ne3 Qc6 14. Qxc6 Bxc6 15. Nd2 Rad8 16. Bb2 Bh6 17. Rac1 Nd5 18. Nxd5 Rxd5 19. f4 Ra5 20. a4 Bg7 21. Rc5 Rxc5 22. dxc5 Rd8 23. Rf2 Bh6 24. g3 Bf8 25. Ba3 b6 26. Kf1 Bxc5 27. Bxc5 bxc5 28. Ke1 Rd3 29. Kd1 Bd5 30. Kc2 Rd4 31. Re2 Bb7 32. Nc4 Be4+ 33. Kc3 Bd3 34. Rd2 Bxc4 35. Rxd4 cxd4+ 36. Kxc4 d3 37. Kxd3 Kf8 38. Kd4 Ke7 39. Kc5 Kd7 40. Kb5 Kc8 41. Kc6 h6 42. h4 h5 43. b4 a6 44. a5 Kd8 45. Kb7 Kd7 46. Kxa6 Kc6 47. b5+ Kd5 48. Kb7 Kc5 49. a6 Kxb5 50. a7 c5 51. a8Q c4 52. Qa1 Kb4 53. Qc1 c3 54. Kc6 Kc4 55. Qc2 Kd4 56. Kb5 Ke3 57. Qxc3+ Ke4 58. Kc4 Kf5 59. Qf3 f6 60. exf6 Kxf6 61. Qe4 Kf7 62. Qe5 Kg8 63. Qc7 Kf8 64. Kd4 e5+ 65. Kxe5 g5 66. Kf6 1-0

[Event "Gibraltar Amateur op-B"]
[Site "Caleta"]
[Date "2018.01.28"]
[Round "2"]
[White "Diaz Mino, Daniel"]
[Black "Dhanwani, Aditya"]
[Result "1-0"]
[WhiteElo "1698"]
[BlackElo "1484"]
[PlyCount "46"]
[EventDate "2018.01.27"]
[EventType "swiss"]
[EventRounds "5"]
[EventCountry "GGB"]
[SourceTitle "EXT 2019"]
[Source "ChessBase"]
[SourceDate "2018.10.10"]
[SourceVersion "1"]
[SourceVersionDate "2018.10.10"]
[SourceQuality "1"]

1. e4 e6 2. d4 d5 3. exd5 exd5 4. Nc3 Bb4 5. Bd2 Bxc3 6. Bxc3 Nf6 7. Bb4 Nc6 8. Bb5 Bd7 9. Bxc6 Bxc6 10. Ne2 Qd7 11. 0-0 0-0-0 12. Re1 Rhe8 13. a4 Bxa4 14. b3 Bb5 15. Rxa7 b6 16. Ra8+ Kb7 17. Rxd8 Qxd8 18. Ng3 h5 19. Nf5 g6 20. Be7 Qc8 21. Ng3 Nd7 22. Qf3 c6 23. Qxf7 Kb8 1-0

[Event "Gibraltar Amateur op-A"]
[Site "Caleta"]
[Date "2018.01.25"]
[Round "4"]
[White "Dhanwani, Aditya"]
[Black "Volovik, Konstantin"]
[Result "0-1"]
[WhiteElo "1484"]
[BlackElo "1701"]
[PlyCount "82"]
[EventDate "2018.01.22"]
[EventType "swiss"]
[EventRounds "5"]
[EventCountry "GGB"]
[SourceTitle "EXT 2019"]
[Source "ChessBase"]
[SourceDate "2018.10.10"]
[SourceVersion "1"]
[SourceVersionDate "2018.10.10"]
[SourceQuality "1"]

1. d4 a6 2. Nf3 b5 3. Bf4 Bb7 4. Nbd2 e6 5. e3 Nf6 6. Bd3 h6 7. h3 Be7 8. c3 c5 9. 0-0 c4 10. Bb1 d5 11. b4 Nbd7 12. Ne5 Bf8 13. Qf3 Nxe5 14. Bxe5 Nd7 15. Qg3 Nxe5 16. dxe5 a5 17. a3 axb4 18. cxb4 Qg5 19. Bc2 Be7 20. Nf3 Qxg3 21. fxg3 Bc8 22. h4 0-0 23. Nd4 Bd7 24. Rf3 f5 25. Kh2 Rfb8 26. Kg1 Bxb4 27. Rff1 Bc3 28. Ra2 Bxd4 29. exd4 b4 30. Rb2 b3 31. Bd1 Rxa3 32. Bh5 c3 33. Rc1 cxb2 34. Rb1 Ra1 35. Rxa1 bxa1Q+ 36. Kh2 Rc8 37. Be2 Rc1 38. g4 f4 39. g3 Rh1+ 40. Kg2 Qg1+ 41. Kf3 Qxg3# 0-1